| 000 | 00432cam a22001217a 4500 | ||
|---|---|---|---|
| 008 | 180718b1988 xxu||||| |||| 00| 0 eng d | ||
| 082 | _aA81069x54 In2/1/21 | ||
| 100 | _aCensus of India | ||
| 245 | _aRegional divisions of India - cartographic analysis: Tripura | ||
| 260 |
_aNew Delhi _bRegistrar General and Census Commissioner _c1988 |
||
| 300 | _a91+p. | ||
| 440 | _aCensus of India. Series-1, Tripura. Volume-XXI. Occasional Papers | ||
| 999 |
_c487757 _d487757 |
||